Giai thoại lịch sử Việt Nam

Bộ sách nói về giai thoại lịch sử của các thời Lê - Trịnh Mạt Vận và Nguyễn Gia Long

Kaydedildi:
Detaylı Bibliyografya
Yazar: Kiều Văn
Materyal Türü: Kitap
Dil:Undetermined
Baskı/Yayın Bilgisi: Thành phố Hồ Chí Minh Tổng hợp thành phố Hồ Chí Minh 2012
Konular:
Etiketler: Etiketle
Etiket eklenmemiş, İlk siz ekleyin!
Thư viện lưu trữ: Trung tâm Học liệu Trường Đại học Cần Thơ
LEADER 00784nam a2200205Ia 4500
001 CTU_185865
008 210402s9999 xx 000 0 und d
020 |c 45000 
082 |a 398.209597 
082 |b K309/T.5 
100 |a Kiều Văn 
245 0 |a Giai thoại lịch sử Việt Nam 
245 0 |c Kiều Văn (tuyển soạn) 
260 |a Thành phố Hồ Chí Minh 
260 |b Tổng hợp thành phố Hồ Chí Minh 
260 |c 2012 
520 |a Bộ sách nói về giai thoại lịch sử của các thời Lê - Trịnh Mạt Vận và Nguyễn Gia Long 
650 |a Anecdotes,Giai thoại lịch sử Việt Nam 
910 |a Ngô Hồng Xuân 
980 |a Trung tâm Học liệu Trường Đại học Cần Thơ